00583nam a22001817a 4500008004100000020002200041040005500063080001600118100002700134245011900161250001200280260004000292300001600332650001500348653000900363942001200372999001700384230322b |||||||| |||| 00| 0 eng d a978-81-8274-383-0 aNational Science LibrarycNational Science Library aD 025.3bP9 aFritz, Deborah A92268 aCataloging with AACR2 & MARC21: bFor books, electronic resources, sound recordings, video recordings, and serials a2nd ed. aNew Delhi: bPentagon Press, c2009 axii, I-42p. aCataloging aTags 2udccBK c12337d12337